[Event "EU-ch U20"]
[Site "Holon"]
[Date "1995.??.??"]
[Round "6"]
[White "Vouldis, Angelos"]
[Black "Malakhov, Vladimir"]
[Result "0-1"]
[WhiteElo "2425"]
[BlackElo "2510"]

1.e4 c5 2.Nf3 g6 3.d4 Bg7 4.d5 Nf6 5.Nc3 O-O 6.e5 Ng4 7.Ng5 Nh6 8.h4 f6 9.Nf3 Nf7
10.Bd3 f5 11.Qe2 e6 12.Bf4 exd5 13.Nxd5 Nc6 14.O-O-O Re8 15.Bc4 Ncxe5 16.Bg5 Nxc4
17.Qxc4 Qa5 18.Rde1 Re6 19.Bd2 Qa6 20.Qxa6 bxa6 21.Nc7 Rb8 22.Nxe6 Bxb2+
23.Kd1 dxe6 24.Ke2 Bf6 25.Rb1 Rb6 26.Be3 Be7 27.Nd2 Bd7 28.Rb3 e5 29.f3 Be6
30.Rc3 Rc6 31.Nc4 Rc7 32.Bf2 Bf6 33.Na5 c4 34.Rd1 h5 35.Ra3 Be7 36.Ra4 Nd6
37.Be1 Nb5 38.Kf1 f4 39.Bb4 Bxh4 40.Bd6 Rd7 41.Nxc4 Nc3 42.Nxe5 Nxa4 43.Nxd7 Bxd7
44.c4 Nb2 45.Rd4 Nxc4 46.Bxf4 Be6 47.Ke2 Bf6 48.Rd1 Nb6 49.a3 Nd5 50.Bd2 Bb2
51.Rb1 Nc3+ 52.Bxc3 Bxc3 53.Rb8+ Kf7 54.Rb7+ Ke8 55.Rxa7 Bc4+ 56.Ke3 Bb2
57.a4 Bf1 58.g3 Bc3 59.Rc7 Bb4 60.Rc1 Bh3 61.Rc6 a5 62.Rxg6 Bd7 63.Rh6 Bxa4
64.Rxh5 Bc6 65.f4 a4 66.Kd3 a3 67.Kc2 Ba4+ 68.Kb1 Bb3 69.Rh2 Kf7 70.g4 Ke6
71.f5+ Kf6 72.Rf2 Bc5 73.Rd2 Kg5 74.Rg2 Bd4 75.Rd2 Bc3 76.Rg2 Bf6 77.Rd2 Kxg4
78.Rg2+ Kf4 79.Rf2+ Ke4 80.Rg2 Kd5 81.Rf2 Kd6 82.Rd2+ Ke7 83.Re2+ Kf7 84.Rg2 Bc3
85.Rh2 Kf6 86.Rf2 Bc4 87.Rh2 Kxf5 88.Rh5+ Ke4 89.Rh4+ Kd5 90.Rh5+ Kc6 91.Rh2 Kb5
92.Rg2 Kb4 93.Rc2 Be5 94.Rf2 Ka4 95.Rc2 Kb3 96.Rb2+ Kc3 97.Rc2+ Kd3 98.Rd2+ Ke3
99.Rg2 Bd5 100.Rd2 Bc4 101.Rg2 Kf3 102.Rd2 Bc3 103.Rh2 Be6  0-1

[Event "EU-ch U20"]
[Site "Holon"]
[Date "1995.??.??"]
[Round "7"]
[White "Malakhov, Vladimir"]
[Black "Gasimov, Ragim"]
[Result "1/2-1/2"]
[WhiteElo "2510"]
[BlackElo "2420"]

1.e4 c5 2.Nf3 Nc6 3.Bb5 g6 4.Bxc6 dxc6 5.d3 Bg7 6.Nc3 e5 7.h3 Ne7 8.Be3 b6
9.Qd2 h6 10.a4 a5 11.g4 h5 12.Rg1 hxg4 13.hxg4 Be6 14.Qe2 Qd7 15.Nd2 O-O-O
16.O-O-O Rh2 17.Nf3 Rhh8 18.Ng5 Rh4 19.f3 Kb7 20.Rh1 Rdh8 21.Qg2 f6 22.Nxe6 Qxe6
23.Rxh4 Rxh4 24.Rh1 Rxh1+ 25.Qxh1 Qg8 26.Nb1 Qh8 27.Qxh8 Bxh8 28.g5 f5 29.Na3 f4
30.Bd2 Nc8 31.Nc4 b5 32.Nxa5+ Kb6 33.b4 cxb4 34.Bxb4 c5 35.Bc3 Nd6 36.axb5 Kxb5
37.Kb2 Bg7 38.Kb3 Nf7 39.Nc4 Kc6 40.Ka4 Kd7 41.Kb5 Ke6 42.Kxc5 Nxg5 43.Nd2 Bf8+
44.Kc6 Ba3 45.Nc4 Nxf3 46.Nxa3 g5 47.Nc4 g4 48.Nd2 Ne1 49.Nb3 Nxc2 50.Nc5+ Ke7
51.Nb3 Ke6  1/2-1/2

[Event "EU-ch U20"]
[Site "Holon"]
[Date "1995.??.??"]
[Round "9"]
[White "Malakhov, Vladimir"]
[Black "Nisipeanu, Liviu Dieter"]
[Result "1/2-1/2"]
[WhiteElo "2510"]
[BlackElo "2465"]

1.e4 c5 2.Nf3 d6 3.d4 cxd4 4.Nxd4 Nf6 5.f3 e5 6.Bb5+ Nbd7 7.Nf5 d5 8.exd5 a6
9.Bxd7+ Bxd7 10.Ne3 Bc5 11.Nc3 O-O 12.O-O Bf5 13.Kh1 Bg6 14.Re1 Rc8 15.Qd2 Re8
16.Ncd1 Nh5 17.Nf1 Nf4 18.Nde3 Ba7 19.g3 Nh3 20.Qg2 Qd7 21.c4 b5 22.cxb5 axb5
23.Bd2 Rc2 24.Rab1 Bd3 25.Nxc2  1/2-1/2

[Event "RUS-chJ"]
[Site "Moscow"]
[Date "1995.??.??"]
[Round "2"]
[White "Malakhov, Vladimir"]
[Black "Shariyazdanov, Andrey"]
[Result "1-0"]
[WhiteElo "2395"]
[BlackElo "2460"]

1.e4 c5 2.Nf3 Nc6 3.Bb5 e6 4.O-O Nge7 5.c3 a6 6.Ba4 b5 7.Bc2 Bb7 8.Re1 Rc8
9.d4 cxd4 10.cxd4 Nb4 11.Bb3 Rxc1 12.Qxc1 Nd3 13.Qe3 Nxe1 14.Qxe1 Ng6 15.Nc3 Bb4
16.Qe3 O-O 17.Rc1 Qa8 18.Bc2 Rc8 19.h4 Nf8 20.h5 h6 21.Bb1 Be7 22.Rd1 d6
23.Nh2 e5 24.Nf3 Qa7 25.a3 Bd8 26.dxe5 Qxe3 27.fxe3 dxe5 28.Ba2 Bf6 29.Bd5 Rc7
30.Bxb7 Rxb7 31.Rd6 a5 32.Ra6 b4 33.Nd5 bxa3 34.bxa3 Rb5 35.Nxf6+ gxf6 36.Rxf6 Kg7
37.Ra6 Ne6 38.a4 Rc5 39.Nh4 Kf6 40.Nf5 Kg5 41.Nd6 Kf6 42.Kh2 Rc2 43.Rxa5 Ng5
44.Nf5 Nxe4 45.Nxh6 Nf2 46.Ra6+ Kg7 47.Nf5+ Kh7 48.Ra7 Ng4+ 49.Kg3  1-0

[Event "RUS-chJ"]
[Site "Moscow"]
[Date "1995.??.??"]
[Round "5"]
[White "Malakhov, Vladimir"]
[Black "Genba, Vladimir"]
[Result "0-1"]
[WhiteElo "2395"]
[BlackElo "2440"]

1.e4 d5 2.exd5 Nf6 3.d4 Nxd5 4.Nf3 g6 5.c4 Nb6 6.Nc3 Bg7 7.Be2 O-O 8.O-O Bg4
9.h3 Bxf3 10.Bxf3 c6 11.c5 Nd5 12.Qb3 Qd7 13.Nxd5 cxd5 14.Bxd5 Nc6 15.Rd1 Na5
16.Qf3 Rad8 17.Be4 Nc6 18.Be3 Nxd4 19.Bxd4 Bxd4 20.Bxb7 Qc7 21.c6 Bxb2 22.Rab1 Bd4
23.Ba6 Rd6 24.Be2 Rfd8 25.Rb7 Qxc6 26.Qxc6 Rxc6 27.Rxe7 Rc2 28.Kh1 Kg7 29.Re4 Bf6
30.Rxd8 Bxd8 31.a4 f5 32.Re8 Bb6 33.Bd3 Rc1+ 34.Kh2 Bxf2 35.g4 f4 36.Kg2 Bc5
37.Rc8 Rc3 38.Rd8 Kf6 39.Be4 Rg3+ 40.Kh2 Bg1+ 41.Kh1 Bb6 42.Rd3 Rg1+ 43.Kh2 Ra1
44.h4 Rxa4 45.g5+ Ke5 46.Bf3 Rd4 47.Rc3 Rd7 48.Kh3 Be3 49.h5 gxh5 50.Bxh5 a5
51.Bf3 Ra7 52.Ra3 Bc5 53.Ra4 Bb4 54.Kg4 Rg7 55.Ra2 h6 56.Re2+ Kd4 57.g6 Rxg6+
58.Kxf4 Rf6+ 59.Kg3 a4 60.Re4+ Kc3 61.Re3+ Kd2 62.Re2+ Kd3 63.Ra2 a3 64.Bd5 Ra6
65.Rg2 Bd2 66.Ba2 Rb6 67.Kh3 Rb2 68.Rg3+ Be3 69.Rg2 Bf2 70.Bg8 a2 71.Bxa2 Rxa2
72.Kg4 Ra4+ 73.Kf3 Be3 74.Rg4 Ra8 75.Rg8 Ra5 76.Rd8+ Bd4 77.Rd6 h5 78.Kf4 Ra8
79.Kg5 Rh8 80.Kh4 Ke4 81.Re6+ Kf5 82.Re2 Bf6+ 83.Kh3 Ra8 84.Rf2+ Kg6 85.Rg2+ Bg5
86.Rg3 Kf5 87.Rf3+ Bf4 88.Rf2 Ra1 89.Rc2 Ra3+ 90.Kg2 Kg4 91.Rb2 h4 92.Rb1 Ra2+
93.Kh1 Kh3 94.Re1 Bg3 95.Rf1 Rh2+ 96.Kg1 Rg2+ 97.Kh1 Bf2  0-1

[Event "RUS-chJ"]
[Site "Moscow"]
[Date "1995.??.??"]
[Round "7"]
[White "Malakhov, Vladimir"]
[Black "Kobalija, Mihail"]
[Result "1-0"]
[WhiteElo "2395"]
[BlackElo "2415"]

1.e4 e6 2.d4 d5 3.Nd2 Nf6 4.e5 Ne4 5.Bd3 f5 6.exf6 Nxf6 7.Ne2 c5 8.c3 Nc6
9.Nf3 Bd6 10.Bf4 Bxf4 11.Nxf4 cxd4 12.cxd4 Qa5+ 13.Qd2 Qxd2+ 14.Kxd2 O-O
15.Ne2 Bd7 16.Rac1 Rae8 17.Rhf1 Ne4+ 18.Ke3 e5 19.dxe5 Nxe5 20.Nxe5 Rxe5
21.Kd4 Rg5 22.f3 Nd6 23.g3 Nb5+ 24.Ke3 Re5+ 25.Kd2 Rfe8 26.Rfe1 Bc6 27.Bxb5 Bxb5
28.Nd4 Rxe1 29.Rxe1 Rxe1 30.Kxe1 Bd7 31.Kd2 Kf7 32.Ke3 Kf6 33.f4 b6 34.b4 a6
35.Nf3 h6 36.Kd4 Ke6 37.Ne5 Bb5 38.g4 Be2 39.h4 Bd1 40.f5+ Kd6 41.a3 Bb3
42.f6 gxf6 43.Nf7+ Ke6 44.Nxh6 Bc2 45.Nf5 Bxf5 46.gxf5+ Kxf5 47.Kxd5 Kg4
48.Ke6 f5 49.h5 f4 50.h6 f3 51.h7 f2 52.h8=Q f1=Q 53.Qd4+ Kh3 54.Qe3+ Kh2
55.Kd7 a5 56.Qxb6 Qh3+ 57.Kc6 Qxa3 58.Qxa5 Qf3+ 59.Qd5 Qc3+ 60.Qc5 Qf3+ 61.Kb6 Kh3
62.b5 Qf6+ 63.Kb7 Qf7+ 64.Kb8 Kh4 65.b6 Qe8+ 66.Kc7 Qf7+ 67.Kd6 Qf8+ 68.Kd5 Qg8+
69.Kd4 Qg1+ 70.Kc4 Qf1+ 71.Kb4 Qe1+ 72.Qc3 Qe7+ 73.Ka5 Qd8 74.Qc4+ Kh3 75.Qe6+ Kg3
76.Kb5 Qd3+ 77.Kc6 Qc3+ 78.Kd7 Qg7+ 79.Kc8 Qf8+ 80.Kc7 Qc5+ 81.Kb8 Qd4 82.b7 Kh4
83.Kc7 Qc5+ 84.Kd8 Qa5+ 85.Ke8 Qb5+ 86.Qd7 Qh5+ 87.Qf7 Qh8+ 88.Kd7 Qd4+ 89.Kc6 Qc3+
90.Kd6 Qb4+ 91.Ke6 Qb6+ 92.Kf5 Qc5+ 93.Kg6 Qh5+ 94.Kg7 Qg4+ 95.Kf8  1-0

[Event "RUS-chJ"]
[Site "Moscow"]
[Date "1995.??.??"]
[Round "8"]
[White "Sotnikov, Igor"]
[Black "Malakhov, Vladimir"]
[Result "0-1"]
[WhiteElo "2440"]
[BlackElo "2395"]

1.d4 Nf6 2.c4 a6 3.Nf3 b5 4.Nc3 c6 5.e4 d6 6.e5 dxe5 7.dxe5 Qxd1+ 8.Nxd1 Ne4
9.Be3 e6 10.Bd3 Nc5 11.Bxc5 Bxc5 12.Nc3 Nd7 13.Be4 Bb7 14.cxb5 axb5 15.Nxb5 Ra4
16.Nc3 Bb4 17.Bc2 Ra5 18.O-O Nxe5 19.Nxe5 Rxe5 20.Ne4 Ke7 21.a3 Ba5 22.b4 Bb6
23.Rfd1 f5 24.Nc3 Rd8 25.Rxd8 Kxd8 26.Rd1+ Kc7 27.h3 Ba6 28.Bb3 g5 29.g4 Bc8
30.a4 fxg4 31.hxg4 h5 32.Bc2 hxg4 33.Kg2 Ba6 34.a5 Ba7 35.Rh1 Bd4 36.Ne4 c5
37.Rh7+ Kc6 38.Ba4+ Bb5 39.a6 cxb4 40.Bxb5+ Rxb5 41.Nd2 Rb8 42.Re7 e5 43.Kg3 Ra8
44.Kxg4 Rxa6 45.Re6+ Kb5 46.Rxa6 Kxa6 47.Kxg5 Bxf2 48.Kf5 Be3 49.Nb3 Bd4
50.Ke4 Kb5 51.Kd5 Ka4 52.Kc4 Be3 53.Na1 Bb6 54.Nb3 e4 55.Nc1 e3 56.Nd3 e2
57.Nb2+ Ka3 58.Nd3 b3  0-1

[Event "RUS-chJ"]
[Site "Moscow"]
[Date "1995.??.??"]
[Round "9"]
[White "Malakhov, Vladimir"]
[Black "Gelman, Alexander"]
[Result "1-0"]
[WhiteElo "2395"]
[BlackElo "2425"]

1.e4 e5 2.Nf3 Nc6 3.Nc3 Nf6 4.d4 exd4 5.Nxd4 Bb4 6.Nxc6 bxc6 7.Bd3 O-O 8.O-O d5
9.exd5 cxd5 10.Bg5 c6 11.Na4 Re8 12.c4 Qd6 13.Bxf6 dxc4 14.Bxh7+ Kxh7 15.Qh5+ Kg8
16.Bc3 Rb8 17.Rad1 Qc7 18.Rd2 Bf8 19.Rd4 Re6 20.Rg4 c5 21.Rg3 Qc6 22.Qd1 Bd7
23.Nxc5 Bxc5 24.Rxg7+ Kf8 25.Qh5 Be8 26.Qg5 f6 27.Qh6 Bf7 28.Qh8+ Ke7 29.Qxb8  1-0

[Event "RUS-chJ"]
[Site "Moscow"]
[Date "1995.??.??"]
[Round "10"]
[White "Korotylev, Alexey"]
[Black "Malakhov, Vladimir"]
[Result "1/2-1/2"]
[WhiteElo "2445"]
[BlackElo "2395"]

1.d4 c5 2.d5 d6 3.e4 e5 4.Bb5+ Bd7 5.a4 g6 6.f4 exf4 7.Bxf4 Qf6 8.Qc1 Bh6
9.Bxh6 Qh4+ 10.g3 Qxh6 11.Qf4 Bxb5 12.axb5 Nd7 13.Nf3 Qxf4 14.gxf4 Ngf6 15.Nbd2 O-O
16.O-O Rfe8 17.Rfe1 Nb6 18.c4 Nh5 19.e5 Nxf4 20.exd6 Rxe1+ 21.Rxe1 Rd8 22.Re7 Rxd6
23.Rxb7 Rd7 24.Rb8+ Kg7 25.Re8 f6 26.b3 Kf7 27.Rh8 Kg7 28.Rb8 Re7 29.d6 Rd7
30.Ne4 Nd3 31.Re8 Kf7 32.Rh8 h5 33.h4 Kg7 34.Re8 Kf7 35.Rh8  1/2-1/2

[Event "Budapest FS07 GM"]
[Site "Budapest"]
[Date "1996.??.??"]
[Round "1"]
[White "Malakhov, Vladimir"]
[Black "Cao Sang"]
[Result "1/2-1/2"]
[WhiteElo "2515"]
[BlackElo "2445"]

1.e4 c5 2.Nf3 Nc6 3.Bb5 g6 4.Bxc6 dxc6 5.O-O Bg7 6.d3 Nf6 7.Nc3 O-O 8.h3 b6
9.Be3 Re8 10.Qd2 e5 11.Bh6 Bh8 12.Rae1 Nh5 13.Nh2 Be6 14.g4 Nf4 15.Bxf4 exf4
16.Qxf4 c4 17.Rd1 cxd3 18.Rxd3 Qe7 19.Rfd1 Bc4 20.Rd7 Qe5 21.Qf3 Be6 22.R7d3 Bc4
23.Rd6 Qc5 24.b3 Be5 25.Rd7 Be6 26.R7d3 b5 27.R1d2 a5 28.Ne2 a4 29.Nd4 axb3
30.axb3 Bc4 31.bxc4 bxc4 32.Nb3 Bxh2+ 33.Kxh2 Qe5+ 34.Qg3 cxd3 35.Qxe5 Rxe5
36.cxd3 Ra3 37.Nc1 Rc5 38.Ne2 Rb5 39.Nc1 Rc3 40.Ne2 Rcb3 41.Kg2 Rb2 42.Rxb2 Rxb2
43.Kf3 Kf8 44.Ke3 Ke7 45.h4 Rb1 46.Nf4 Kd6 47.h5 Re1+ 48.Kd2 Rg1 49.f3 Rh1
50.d4 Ra1 51.Ke2 Ra2+ 52.Ke3 Ra3+ 53.Ke2 Ra2+ 54.Ke3 Ra3+ 55.Ke2  1/2-1/2

[Event "Budapest FS07 GM"]
[Site "Budapest"]
[Date "1996.??.??"]
[Round "2"]
[White "Hoang Than Trang"]
[Black "Malakhov, Vladimir"]
[Result "0-1"]
[WhiteElo "2360"]
[BlackElo "2515"]

1.d4 c5 2.d5 d6 3.e4 Nf6 4.Nc3 g6 5.Be2 Bg7 6.Nf3 O-O 7.O-O e6 8.dxe6 Bxe6
9.Bg5 h6 10.Be3 Nc6 11.Qd2 Kh7 12.Rad1 Qb6 13.Qc1 Rad8 14.h3 Qc7 15.Rd2 Qe7
16.Rfd1 a6 17.a4 Rfe8 18.Bf4 d5 19.exd5 Nxd5 20.Nxd5 Bxd5 21.Rxd5 Rxd5 22.Rxd5 Qxe2
23.c3 Qc4 24.Rd7 Re7 25.Rxe7 Nxe7 26.Be5 Qxa4 27.Bd6 Nd5 28.Bxc5 Nf4 29.Qd2 Qe4
30.Qd7 Qb1+ 31.Kh2 Qf1 32.Qg4 Ne6 33.Be3 Qb5 34.Bc1 Nc5 35.Nd4 Qc4 36.Be3 Nd3
37.Qe2 b5 38.Nf3 a5 39.g3 a4 40.Ne1 Nxe1 41.Qxe1 b4 42.Bd2 a3 43.bxa3 bxa3
44.Qa1 a2 45.Bc1 Bxc3 46.Bb2 Bxb2 47.Qxb2 Qa4 48.Qa1 Kg8 49.h4 Qc2 50.Qf6 Qb1  0-1

[Event "Budapest FS07 GM"]
[Site "Budapest"]
[Date "1996.??.??"]
[Round "8"]
[White "Malakhov, Vladimir"]
[Black "Csom, Istvan"]
[Result "1-0"]
[WhiteElo "2515"]
[BlackElo "2460"]

1.e4 c6 2.d4 g6 3.Nc3 Bg7 4.Nf3 d6 5.Be2 Na6 6.O-O Nc7 7.Be3 Nf6 8.h3 O-O
9.Qd2 b5 10.a3 a5 11.Bd3 Bb7 12.e5 Nfd5 13.Nxd5 cxd5 14.exd6 exd6 15.a4 b4
16.c3 bxc3 17.Qxc3 Ba6 18.Rfc1 Ne6 19.Bxa6 Rxa6 20.b4 axb4 21.Qxb4 Qa8 22.a5 Rb8
23.Qa4 Qa7 24.Ra3 Bf6 25.Rc6 Kg7 26.Kh2 Nd8 27.Rc2 Ne6 28.Rca2 Qc7 29.Qd1 Rb5
30.Qe1 Nd8 31.Bd2 Nc6 32.Qe2 Qb7 33.Qe3 Kg8 34.Qe8+ Kg7 35.Rc2 Qe7 36.Qc8 Qb7
37.Qg4 Rb3 38.Rxb3 Qxb3 39.Rc1 Qb7 40.Qf4 Nxd4 41.Qh6+ Kg8 42.Nxd4 Bxd4 43.Qh4 Be5+
44.f4 Qb2 45.Qh6 Qxc1 46.Bxc1 Bc3 47.Qg5 Rxa5 48.Qd8+ Kg7 49.Bb2  1-0

[Event "Budapest FS07 GM"]
[Site "Budapest"]
[Date "1996.??.??"]
[Round "9"]
[White "Zifroni, Dov"]
[Black "Malakhov, Vladimir"]
[Result "1/2-1/2"]
[WhiteElo "2490"]
[BlackElo "2515"]

1.e4 c5 2.c3 d5 3.exd5 Qxd5 4.d4 Nc6 5.Nf3 Nf6 6.Be3 cxd4 7.cxd4 e6 8.Nc3 Qd6
9.a3 Be7 10.Bd3 O-O 11.O-O b6 12.Qe2 Bb7 13.Rad1 Rac8 14.Rfe1 Rfe8 15.Bg5 Qd8
16.Bb1 g6 17.h4 Kg7 18.Ne5 Ng8 19.Qg4 Bxg5 20.hxg5 Nce7 21.Qf4 Rf8 22.Ng4 Qc7
23.Qe5+ Qxe5 24.dxe5 Rfd8 25.Nb5 Rxd1 26.Rxd1 Rc5 27.Nd6 Bc6 28.f4 Nd5 29.g3 Nge7
30.Kf2 Nf5 31.Nf6 Nxd6 32.exd6 Kf8 33.Ne4 Rc4 34.b3 Nc3 35.Nxc3 Rxc3 36.d7 Bxd7
37.Rxd7 Rxb3 38.Be4 Rxa3 39.Rb7 Kg7 40.Bc6 Kf8 41.Bb5 Rb3 42.Ba6 Ra3 43.Rxa7 Kg7
44.Ra8 e5 45.fxe5 Ra5 46.Ra7 Kf8 47.Kf3 Rxe5 48.Bc4 Rf5+ 49.Kg4 b5 50.Bb3 Kg7
51.Rb7 Rf2 52.Bd5 Rf5 53.Rxb5 h6 54.Bc4 Rf2 55.Rb7 hxg5 56.Kxg5 Rf5+ 57.Kg4 Rf2
58.Kh3 Kf8 59.Bb3 Kg7 60.g4 Kf8 61.Kg3 Rf6 62.Bc4 Kg8 63.Rd7 Kf8 64.Bd3 Kg8
65.g5 Rc6 66.Be4 Rc1 67.Kf4 Rf1+ 68.Bf3 Kg7 69.Rd6 Kf8 70.Rd1 Rf2 71.Ke3 Ra2
72.Bd5 Ra3+ 73.Ke4 Ra4+ 74.Rd4 Ra1 75.Rd3 Rf1 76.Bc4 Rf5 77.Rd5 f6  1/2-1/2

[Event "Celle Ligure op"]
[Site "Celle Ligure"]
[Date "1996.??.??"]
[Round "1"]
[White "Malakhov, Vladimir"]
[Black "D'Apa, Stefano"]
[Result "1-0"]
[WhiteElo "2535"]
[BlackElo "2210"]

1.e4 e6 2.d4 d5 3.Nd2 c5 4.exd5 exd5 5.Bb5+ Nc6 6.Ne2 Bd6 7.dxc5 Bxc5 8.Nb3 Bb6
9.O-O Ne7 10.Ned4 h6 11.Bxc6+ bxc6 12.Re1 O-O 13.Qe2 Nf5 14.Nxc6 Qf6 15.Ne5 Nd6
16.Qf3 Bf5 17.Be3 Qxe5 18.Bxb6 Be4 19.Bc5 Rfd8 20.Qd1 Qxb2 21.Bxd6 Bxc2 22.Qd4  1-0

[Event "Celle Ligure op"]
[Site "Celle Ligure"]
[Date "1996.??.??"]
[Round "2"]
[White "Ayza Ballester, Jordi"]
[Black "Malakhov, Vladimir"]
[Result "0-1"]
[WhiteElo "2310"]
[BlackElo "2535"]

1.e4 c5 2.Nf3 g6 3.d4 Bg7 4.Nc3 cxd4 5.Nxd4 Nc6 6.Nb3 Nf6 7.Be2 O-O 8.O-O d6
9.f4 a5 10.a4 Be6 11.Be3 Rc8 12.Bf3 Nd7 13.Kh1 Bxb3 14.cxb3 Nb4 15.Nd5 Bxb2
16.Rb1 Bg7 17.Nxb4 axb4 18.Bd4 e5 19.Bg1 Qe7 20.Qd2 exf4 21.Qxb4 Ne5 22.Rbd1 Rc6
23.Bd4 Rc2 24.Bxe5 Bxe5 25.Rc1 Rfc8 26.Rxc2 Rxc2 27.Qb5 Qc7 28.Be2 Kg7 29.Qd3 Ra2
30.Qf3 Qc2 31.Bc4 Rb2 32.Rg1 h5 33.Qh3 Rb1 34.Qf3 Rxg1+ 35.Kxg1 Qc1+ 36.Bf1 Bd4+
37.Kh1 Ba7 38.g3 Qc5 39.Kg2 g5  0-1

[Event "Celle Ligure op"]
[Site "Celle Ligure"]
[Date "1996.??.??"]
[Round "3"]
[White "Malakhov, Vladimir"]
[Black "Sulava, Nenad"]
[Result "1-0"]
[WhiteElo "2535"]
[BlackElo "2480"]

1.e4 c5 2.Nf3 e6 3.c4 b6 4.Nc3 Bb7 5.Be2 Nf6 6.e5 Ne4 7.Nxe4 Bxe4 8.d4 Nc6
9.dxc5 Bxc5 10.O-O Qc7 11.Bf4 f6 12.Bd3 Bxd3 13.Qxd3 fxe5 14.Bg3 d6 15.a3 a5
16.b4 axb4 17.axb4 Rxa1 18.Rxa1 Nxb4 19.Ra8+  1-0

[Event "Celle Ligure op"]
[Site "Celle Ligure"]
[Date "1996.??.??"]
[Round "4"]
[White "Efimov, Igor"]
[Black "Malakhov, Vladimir"]
[Result "1/2-1/2"]
[WhiteElo "2455"]
[BlackElo "2535"]

1.d4 c5 2.c3 cxd4 3.cxd4 d5 4.Nc3 Nc6 5.Nf3 Nf6 6.Bf4 g6 7.e3 Bg7 8.Be2 O-O
9.h3 Qb6 10.a3 Ne4 11.Na4 Qd8 12.O-O b6 13.Rc1 Bb7 14.Nc3 Rc8 15.Rc2 Nxc3
16.Rxc3 Na5 17.Qc2 Rxc3 18.Qxc3 Qd7 19.Qb4 Nc6 20.Qa4 Rd8 21.Rd1 a6 22.Qb3 b5
23.Rc1 Rc8 24.Qd1 Na5 25.Rxc8+ Qxc8 26.Qd2 Nc4 27.Qc3 e6 28.Ne1 Bf8 29.Nd3 a5
30.Nc5 a4 31.Bxc4 dxc4 32.Qa5 Bc6 33.Qb6 Be7 34.Bc7 Bxc5 35.dxc5  1/2-1/2

[Event "Celle Ligure op"]
[Site "Celle Ligure"]
[Date "1996.??.??"]
[Round "7"]
[White "Malakhov, Vladimir"]
[Black "Zlochevskij, Alexander"]
[Result "1/2-1/2"]
[WhiteElo "2535"]
[BlackElo "2405"]

1.e4 e6 2.d4 d5 3.Nd2 c5 4.exd5 exd5 5.Bb5+ Bd7 6.Bxd7+ Nxd7 7.Ne2 Bd6 8.dxc5 Nxc5
9.O-O Nf6 10.Nf3 O-O 11.Be3 Re8 12.Bd4 Nce4 13.Qd3 Nc5 14.Qd1 Nce4 15.Ng3 Qd7
16.Qd3 Nc5 17.Bxc5 Bxc5 18.Rad1 Rac8 19.c3 Qa4 20.a3 Qf4 21.Nd4 g6 22.Qf3 Qxf3
23.Nxf3 Re6 24.Rd2 Rce8 25.Nd4 Rb6 26.Nge2 Ne4 27.Rc2 Nd6 28.a4 Nc4 29.b3 Ne5
30.Rd1 a6 31.b4 Bf8 32.Nf4 Rd6 33.Re2 f6 34.Kf1 Rc8 35.Rc2 Kf7 36.Nb3 Rcd8
37.Rcd2 Nc4 38.Re2 Bh6 39.Nd3 b6 40.Nd4 Rc8 41.b5 axb5 42.Nxb5 Rd7 43.Nb4 Rcd8
44.Rd4 Bf8 45.Nxd5 Rxd5 46.Rxc4 Bc5 47.g4 h5 48.gxh5 Rxh5 49.h4 g5 50.hxg5 Rd1+
51.Kg2 Rxg5+ 52.Kf3 Rh1 53.Rd2 Rh3+ 54.Ke2 Re5+ 55.Kd1 Rf3 56.Nd4 Rf4 57.Kc2 Re1
58.f3 Re3 59.Kb3 Bxd4 60.Rcxd4 Rfxf3 61.Rc4 Re6 62.Rd7+ Kg6 63.Rdc7 Rfe3
64.Rg4+ Kf5 65.Rg8 Rd3 66.Kb4 Rd5 67.c4 Rd1 68.Rg3 Rb1+ 69.Kc3 Ra1 70.Kb3 Kf4
71.Rg6 Kf5  1/2-1/2

[Event "Celle Ligure op"]
[Site "Celle Ligure"]
[Date "1996.??.??"]
[Round "9"]
[White "Malakhov, Vladimir"]
[Black "Di Paolo, Raffaele"]
[Result "1-0"]
[WhiteElo "2535"]
[BlackElo "2275"]

1.e4 c5 2.Nf3 d6 3.d4 cxd4 4.Nxd4 Nf6 5.f3 Nc6 6.c4 Qb6 7.Nc2 g6 8.Nc3 Bg7
9.Rb1 Be6 10.Be3 Qc7 11.Be2 O-O 12.O-O Nd7 13.Qd2 f5 14.Nd5 Qd8 15.exf5 Bxf5
16.Bd3 Be6 17.Be4 Nc5 18.b3 Nxe4 19.fxe4 Qd7 20.Bh6 Rxf1+ 21.Rxf1 Rf8 22.Rxf8+ Bxf8
23.Bxf8 Kxf8 24.Ne1 Kg8 25.Qf2 Qd8 26.h3 Qf8 27.Nf3 Qh6 28.Kh2 b6 29.Qg3 Qc1
30.Qh4 Bxd5 31.exd5 Ne5 32.Ng5 h6 33.Ne6 Qf1 34.Qxh6 Qf7 35.Kg3 Nd3 36.Qe3 Qf5
37.Nd4 Qe5+ 38.Qxe5 dxe5 39.Nc6 Kf7 40.Kf3 Kf6 41.Nxa7 Nc1 42.Nc8 Nxa2 43.Nxb6  1-0

[Event "RUS-ch U20"]
[Site "Ekaterinburg"]
[Date "1996.??.??"]
[Round "5"]
[White "Malakhov, Vladimir"]
[Black "Belozerov, Andrei"]
[Result "1-0"]
[WhiteElo "2535"]
[BlackElo "2430"]

1.e4 e6 2.d4 d5 3.Nd2 c5 4.exd5 Qxd5 5.Ngf3 cxd4 6.Bc4 Qd8 7.O-O a6 8.Nb3 Qc7
9.Qe2 Bd6 10.Nbxd4 Ne7 11.Re1 Nbc6 12.Nxc6 Nxc6 13.b3 Bb4 14.Bd2 Bxd2 15.Qxd2 O-O
16.a4 b6 17.Rad1 Rd8 18.Qe2 Bb7 19.Rxd8+ Rxd8 20.Bxa6 Bxa6 21.Qxa6 Nb4 22.Qe2 Qxc2
23.Qxc2 Nxc2 24.Rc1 f6 25.Kf1 Nb4 26.Ke2 Nd3 27.Rc4 e5 28.g3 Nc5 29.Rb4 Rd6
30.Nd2 Nd7 31.Nc4 Rc6 32.Rb5 Kf7 33.Ke3 Ke6 34.f4 g6 35.fxe5 fxe5 36.Kd3 Rc5
37.Rb4 Rc6 38.Kd2 Kd5 39.Ne3+ Ke6 40.Rb5 Nc5 41.Rb4 Nd7 42.Rh4 Nf6 43.Rc4 Rxc4
44.Nxc4 Nd7 45.b4 Kd5 46.Kd3 e4+ 47.Kc3 Kc6 48.Ne3 Ne5 49.h4 Nf3 50.Kc4 h5
51.b5+ Kd6 52.Nd5 Nd2+ 53.Kd4 Nf1 54.Nxb6 Nxg3 55.Nc4+ Kc7 56.a5 Nf5+ 57.Kxe4 Nxh4
58.a6 Nf5 59.b6+ Kc6 60.a7 Kb7 61.Kd5 Ne7+ 62.Kc5 Ka8 63.Nd6  1-0

[Event "RUS-ch U20"]
[Site "Ekaterinburg"]
[Date "1996.??.??"]
[Round "7"]
[White "Malakhov, Vladimir"]
[Black "Sotnikov, Igor"]
[Result "0-1"]
[WhiteElo "2535"]
[BlackElo "2455"]

1.e4 c5 2.Nf3 d6 3.d4 cxd4 4.Nxd4 Nf6 5.f3 e5 6.Nb3 Be6 7.c4 Nbd7 8.Nc3 Rc8
9.Nd5 Nb6 10.Nd2 Nfxd5 11.cxd5 Bd7 12.b3 Be7 13.Bd3 Bh4+ 14.g3 Bg5 15.Kf2 O-O
16.h4 Bh6 17.Ba3 Qe7 18.Qe2 f5 19.Kg2 Rf6 20.Rac1 Rcf8 21.Bb4 f4 22.g4 Bxg4
23.Kf2 Bd7 24.Rc7 Rb8 25.a4 Qd8 26.Rc2 Rc8 27.Rxc8 Nxc8 28.a5 a6 29.Nc4 g6
30.Qb2 Bf8 31.Ke2 Na7 32.Be1 Nb5 33.Bf2 Rf7 34.Kd2 Be7 35.Nb6 Bf6 36.Bxb5 Bxb5
37.Qa3 Kg7 38.Qb4 h5 39.Qa3 Kh6 40.Qa1 Rg7 41.Qg1 Qg8 42.Qg2 Bd8 43.Qh3 Bxb6
44.axb6 Bd7 45.Qh2 a5 46.Rc1 a4 47.bxa4 Qa8 48.Rc3 Qxa4 49.Qg1 Qa2+ 50.Rc2 Qa5+
51.Rc3 g5 52.hxg5+ Rxg5 53.Qh1 Qb4 54.Qa1 Rg2 55.Ke1 h4 56.Qa3 Qxa3 57.Rxa3 h3
58.Ra8 Kh7  0-1

[Event "RUS-ch U20"]
[Site "Ekaterinburg"]
[Date "1996.??.??"]
[Round "10"]
[White "Malakhov, Vladimir"]
[Black "Skachkov, Pavel"]
[Result "1-0"]
[WhiteElo "2535"]
[BlackElo "2295"]

1.e4 e5 2.Nf3 d5 3.Nxe5 Bd6 4.d4 dxe4 5.Qe2 Nf6 6.Nc3 Bf5 7.Qb5+ Nbd7 8.Nxf7 Kxf7
9.Qxf5 g6 10.Qh3 h6 11.Bc4+ Kg7 12.O-O a6 13.Be3 Nb6 14.Bb3 c6 15.Rae1 Qc7
16.f3 exf3 17.Rxf3 Raf8 18.Ref1 h5 19.Qe6 Bxh2+ 20.Kh1 Qd6 21.Bg5 Nbd7 22.Ne4 Qxe6
23.Bxe6 Nxe4 24.Rf7+ Rxf7 25.Rxf7+ Kg8 26.Rxd7+ Kf8 27.Be7+ Ke8 28.Kxh2 Rh7
29.Rc7 Ng5 30.Bxg5 Rxc7 31.c4 b5 32.d5 bxc4 33.d6 Rb7 34.Kg3 a5 35.Kf4 a4
36.a3 c5 37.Ke5 c3 38.bxc3 c4 39.d7+  1-0

[Event "Wch U18"]
[Site "Menorca"]
[Date "1996.??.??"]
[Round "1"]
[White "Podkriznik, Gregor"]
[Black "Malakhov, Vladimir"]
[Result "0-1"]
[WhiteElo "2220"]
[BlackElo "2515"]

1.Nf3 c5 2.e4 g6 3.d4 Bg7 4.c3 cxd4 5.cxd4 d5 6.exd5 Nf6 7.Bb5+ Nbd7 8.d6 O-O
9.dxe7 Qxe7+ 10.Qe2 Re8 11.Nc3 Qd6 12.Be3 a6 13.Bxd7 Bxd7 14.Ne5 Be6 15.O-O Nd5
16.Nxd5 Bxd5 17.Rfe1 Rad8 18.b3 b5 19.Rac1 Bb7 20.Rc5 f6 21.Nf3 f5 22.Qf1 f4
23.Bc1 Bxd4 24.Rc2 Bg7 25.Rd2 Qb4 26.Rxd8 Rxd8 27.Qe2 h6 28.Rd1 Rxd1+ 29.Qxd1 Qe4
30.Qd2 g5 31.h3 Qb1 32.Kh2 Kh7 33.Ba3 Be4 34.Bc5 Qd3 35.Qxd3 Bxd3 36.a4 bxa4
37.bxa4 Bc2 38.a5 Bc3 39.Bb6 Kg6 40.g3 Be4 41.Nd4 Kf6 42.gxf4 gxf4 43.f3 Bd3
44.Kg2 Ke5 45.Nb3 Kd5 46.Nc5 Bc4 47.Ne4 Be5 48.Kf2 Bd3 49.Nd2 Bc3 50.Nb3 Bc4
51.Nc1 Bd4+  0-1

[Event "Wch U18"]
[Site "Menorca"]
[Date "1996.??.??"]
[Round "2"]
[White "Malakhov, Vladimir"]
[Black "Naumann, Alexander"]
[Result "1-0"]
[WhiteElo "2515"]
[BlackElo "2365"]

1.e4 c5 2.Nf3 Nc6 3.Bb5 d6 4.O-O Bd7 5.Re1 a6 6.Bf1 g6 7.c3 Bg7 8.d4 cxd4
9.cxd4 Bg4 10.d5 Nd4 11.Nbd2 Rc8 12.Bd3 Nxf3+ 13.Nxf3 Nf6 14.h3 Bxf3 15.Qxf3 Nd7
16.Qe2 O-O 17.Bg5 Bf6 18.Bf4 Qb6 19.Rab1 Be5 20.Bh6 Bg7 21.Bg5 Bf6 22.Bf4 Be5
23.Bd2 Bd4 24.Red1 Rc7 25.Be1 Rfc8 26.Qd2 Bf6 27.Qa5 Qxa5 28.Bxa5 Rc5 29.Bb4 R5c7
30.f4 Bd4+ 31.Kf1 Be3 32.g3 g5 33.e5 gxf4 34.exd6 exd6 35.Bxd6 Rc1 36.Bf5 Rxb1
37.Rxb1 Re8 38.Bxf4 Bxf4 39.gxf4 Nf6 40.d6 Rd8 41.Rd1 Nh5 42.Kf2 Nxf4 43.Kf3 Ng6
44.Ke4 Kf8 45.Bxg6 hxg6 46.Kd5 Kg7 47.Re1 Rh8 48.d7 Rxh3 49.Kd4 Rh4+ 50.Kc3 Rh3+
51.Kc2 Rh2+ 52.Kc1 Rh8 53.Re8 Rh1+ 54.Kd2 Rh2+ 55.Ke3 Rh3+ 56.Kf4  1-0

[Event "Wch U18"]
[Site "Menorca"]
[Date "1996.??.??"]
[Round "4"]
[White "Malakhov, Vladimir"]
[Black "Krakops, Maris"]
[Result "1-0"]
[WhiteElo "2515"]
[BlackElo "2440"]

1.d4 Nf6 2.g3 e6 3.Bg2 c5 4.Nf3 d5 5.O-O Nc6 6.dxc5 Bxc5 7.c4 d4 8.Nbd2 e5
9.b4 Bxb4 10.Nxe5 Bd7 11.Nxd7 Qxd7 12.Rb1 Bxd2 13.Bxd2 O-O 14.Qa4 Rac8 15.e3 b6
16.Rbd1 Qe6 17.exd4 Nxd4 18.Qxa7 Qxc4 19.Qxb6 Ne2+ 20.Kh1 Qxa2 21.Bg5 Nc3
22.Rd2 Qe6 23.Qxe6 fxe6 24.Bh3 Kf7 25.Rd6 Nfe4 26.Rd7+ Kg6 27.Be3 Nd5 28.Bd4 Rc4
29.Ba7 Rf7 30.Bxe6 Rxd7 31.Bxd7 Nef6 32.Bb5 Rb4 33.Bd3+ Kf7 34.Bc5 Rb3 35.Rd1 Rc3
36.Bd4 Rc7 37.Be5 Re7 38.Ba1 Rc7 39.Kg2 h6 40.Bb1 Ra7 41.Bd4 Ra8 42.Rd2 Ra5
43.Rb2 Ra4 44.Rb7+ Kf8 45.Bc5+ Kg8 46.Bg6 Ra8 47.h4 Rd8 48.h5 Kh8 49.f4 Rc8
50.Bd4 Ra8 51.Bf7 Rd8 52.Kf3  1-0